Normal view
MARC view
Entry Término temático
001 - NÚMERO DE CONTROL
- campo de control: 84473
003 - IDENTIFICADOR DEL NÚMERO DE CONTROL
- campo de control: DO-SdBNP
005 - FECHA Y HORA DE LA ÚLTIMA TRANSACCIÓN
- campo de control: 20231012131436.0
008 - DATOS DE LONGITUD FIJA
- campo de control de longitud fija: 231012|| aca||aabn | a|a d
040 ## - FUENTE DE LA CATALOGACIÓN
- Centro catalogador/agencia de origen: DO-SdBNP
- Centro/agencia transcriptor: DO-SdBNP
150 ## - ENCABEZAMIENTO--TÉRMINO DE MATERIA
- Término de materia o nombre geográfico como elemento de entrada: Transferencias monetarias
- Subdivisión geográfica: República Dominicana
- Subdivisión de forma: Congresos, conferencias
670 ## - FUENTE DE DATOS ENCONTRADOS
- Cita de la fuente: Work cat.: (DO-SdBNP)53907: Concurso Biblioteca Juan Pablo Duarte (2019 : 83578 Santo Domingo), Nueva literatura económica dominicana :
